Management Accounting (Record no. 236235)

MARC details
000 -LEADER
fixed length control field 00453nam a2200193Ia 4500
008 - FIXED-LENGTH DATA ELEMENTS--GENERAL INFORMATION
fixed length control field 240823s9999||||xx |||||||||||||| ||und||
082 ## - DEWEY DECIMAL CLASSIFICATION NUMBER
-- 658.1511 N5
100 ## - MAIN ENTRY--PERSONAL NAME
Personal name Hingoran N.L
245 #0 - TITLE STATEMENT
Title Management Accounting
250 ## - EDITION STATEMENT
Edition statement 1st
260 ## - PUBLICATION, DISTRIBUTION, ETC. (IMPRINT)
Date of publication, distribution, etc 1995
Name of publisher, distributor, etc "Himalaya,Bombay"
500 ## - GENERAL NOTE
General note YES
650 ## - SUBJECT ADDED ENTRY--TOPICAL TERM
Topical term or geographic name as entry element Accountancy
700 ## - ADDED ENTRY--PERSONAL NAME
Personal name Chawla O.P
942 ## - ADDED ENTRY ELEMENTS (KOHA)
Item type Books
Holdings
Withdrawn status Lost status Damaged status Permanent location Current location Shelving location Date acquired Cost, normal purchase price Full call number Barcode Date last seen Koha item type
      CENTRAL LIBRARY, NOORUL ISLAM CENTRE FOR HIGHER EDUCATION CENTRAL LIBRARY, NOORUL ISLAM CENTRE FOR HIGHER EDUCATION   05/09/2003 70.00 658.1511 N5 8807 08/23/2024 Books
Visitors:
Copyright © 2024 Central Library NICHE.  All rights reserved.